书目信息 |
| 题名: |
中国古代的天文与历法
|
|
| 作者: | 陈久金 , 杨怡 著 | |
| 分册: | ||
| 出版信息: | 北京 商务印书馆 1998.11 |
|
| 页数: | 190页 | |
| 开本: | 32开 | |
| 丛书名: | ||
| 单 册: | ||
| 中图分类: | P1-092 | |
| 科图分类: | ||
| 主题词: | 天文学 | |
| 电子资源: | ||
| ISBN: | 7-100-02422-6 | |
| 000 | 00591nam0 2200205 45 | |
| 001 | 0009192116 | |
| 005 | 20000919211616.0 | |
| 010 | @a7-100-02422-6@d12.40元 | |
| 100 | @a20000919d1998 km y0chiy0120 ea | |
| 101 | 0 | @achi |
| 105 | @a z 000yy | |
| 200 | 1 | @a中国古代的天文与历法@AZhong Guo Gu Dai De Tian Wen Yu Li Fa@f陈久金,杨怡著@FChen Jiu Jin,Yang Yi Zhu |
| 210 | @a北京@c商务印书馆@d1998.11 | |
| 215 | @a190页@d32开 | |
| 606 | 0 | @a天文学 |
| 690 | @aP1-092@v3 | |
| 701 | 0 | @a陈久金@4著 |
| 701 | 0 | @a杨怡@4著 |
| 801 | @aCN@bPftUser@c20000919 | |
| 905 | @b149816-820@dP1-092@eCH347@f5 | |
| 中国古代的天文与历法/陈久金,杨怡著.-北京:商务印书馆,1998.11 |
| 190页;32开 |
| ISBN 7-100-02422-6:12.40元 |
| ● |
| 相关链接 |
|
|
|
正题名:中国古代的天文与历法
索取号:P1-092/CH347
 
预约/预借
| 序号 | 登录号 | 条形码 | 馆藏地/架位号 | 状态 | 备注 |
| 1 | 149816 | 201498165 | 自科库401/401自科库 65排1列4层/ [索取号:P1-092/CH347] | 在馆 | |
| 2 | 149817 | 201498174 | 自科库401/401自科库 65排1列4层/ [索取号:P1-092/CH347] | 在馆 | |
| 3 | 149818 | 201498183 | 自科库401/401自科库 65排1列4层/ [索取号:P1-092/CH347] | 在馆 | |
| 4 | 149819 | 201498192 | 自科库401/401自科库 65排1列4层/ [索取号:P1-092/CH347] | 在馆 | |
| 5 | 149820 | 201498209 | 自科库401/401自科库 65排1列4层/ [索取号:P1-092/CH347] | 在馆 |